| 000 | 00643nam a2200229Ia 4500 | ||
|---|---|---|---|
| 005 | 20250508165024.0 | ||
| 008 | 008 250505s9999 xx 000 0 eng d | ||
| 020 | _a0-13-152133-0 | ||
| 037 | _aTextual | ||
| 040 |
_aFEDL _beng _cFEDL |
||
| 041 |
_aeng _2eng |
||
| 084 |
_a001.4, PYK _qFEDL |
||
| 100 | _aPyke Sandra W | ||
| 245 | 0 | _aScience game: An introduction to research in the social sciences | |
| 250 | _a5 | ||
| 260 |
_aEnglewood Chiffs, USA _bPrentice Hall _c1991 |
||
| 300 | _axiv,303p. | ||
| 546 | _aMACESE | ||
| 700 |
_a Agnew Neil McK. _9779724 |
||
| 942 |
_cTEXL _h001.4, PYK |
||
| 999 |
_c1392705 _d1392705 |
||